LEADER 01538nam a2200301 i 4500 001 000000156103 003 CaOOAMICUS 005 20061128000000.0 008 061128s2002 it u000 u ita u 013 $a133458 020 $a88-85332-49-8 040 $aSeMil$bita 100 1 $aLiguori, Alfonso Maria : de' ,$c.$0(OLS)http://semarc/name/4500 245 10$aVisite al Santissimo Sacramento e a Maria Santissima /$cSant' Alfonso Maria de' Liguori ; adattamento in lingua corrente a cura di Tiziana e Roberto Bagato ; presentazione del montfortano P. Luka Cirimotic. 260 $aConegliano (TV) :$bAncilla,$c2002 (copyr. 1991) 300 $a221 p. ;$c20 cm + [2] cart. di preghiere. 600 04$aLiguori, Alfonso Maria : de' .$0(OLS)http://semarc/subject/1344 650 4$aMadonna - Preghiere.$0(OLS)http://semarc/subject/6540 650 4$aPreghiera - Adorazione.$0(OLS)http://semarc/subject/18003 700 1 $aCirimotic, Luka.$0(OLS)http://semarc/name/61026 700 1 $aBagato, Roberto.$0(OLS)http://semarc/name/7512 700 1 $aBagato, Tiziana.$0(OLS)http://semarc/name/7511 850 $aSeMil 852 $aSeMil$W1$xVenegono$y1$m3H II 100$j107905$B107905$CSeMilBibl$Z2$F120917 $81 961 $aOmaggio: Fontana don Claudio 996 $6020$a88-85332-49-8$9(OLS)http://semarc/number/146225 996 $6245$aVisite al Santissimo Sacramento e a Maria Santissima$9(OLS)http://semarc/title/228755 996 $6260$aConegliano (TV) :$bAncilla$9(OLS)http://semarc/publisher/34365 LEADER 01265nam a2200253 4500 001 000000340169 003 CaOOAMICUS 005 20200707154112.0 008 200515s1999 fr 000 u fre r 020 $a2-7023-0506-7 040 $aSeMil$bita 245 10$aCélébrer la réconciliation avec des enfants :$bà l'intention des catéchistes, prêtres, éducateurs et parents chrétiens /$cCNPL, CNER. 264 1$aParis :$bChalet-Tardy,$c1999. 300 $a127 p. ;$c24 cm 650 4$aPenitenza - Celebrazione.$0(OLS)http://semarc/subject/10782 710 0 $aCentre national de pastorale liturgique .$0(OLS)http://semarc/name/251 710 0 $aCentre National de l'Enseignement Religieux .$0(OLS)http://semarc/name/1831 850 $aSeMil 852 $aSeMil$W1$xVenegono$y1$m3K V 365$j221092$B231298$CSeMilBibl$Z2$F231298 $81 961 $aLorenzi don Ugo - Omaggio 996 $6020$a2-7023-0506-7$9(OLS)http://semarc/number/290316 996 $6245$aCélébrer la réconciliation avec des enfants :$bà l'intention des catéchistes, prêtres, éducateurs et parents chrétiens$9(OLS)http://semarc/title/429174 996 $6264$aParis :$bChalet-Tardy$9(OLS)http://semarc/publisher/58971